On living in a revolution

Gespeichert in:
Bibliographische Detailangaben
1. Verfasser: Huxley, Julian (VerfasserIn)
Format: Buch
Sprache:Englisch
Veröffentlicht: Londres Chatto and Windus 1944
Schlagworte:
Tags: Tag hinzufügen
Keine Tags, Fügen Sie den ersten Tag hinzu!

MARC

LEADER 00000nam a2200000 a 4500
001 UCX7458
003 CL-VaPUC
008 931210e19440000UK |||||||||||||||||eng|d
082 0 4 |a 503.4  |b HUX  |2 21 
100 |a Huxley, Julian  |e author  |9 539745 
245 1 0 |a On living in a revolution 
300 |a 195 p 
942 |c BK 
945 |d 19931210 00:00:00  |a mfernand 
260 |a Londres  |b Chatto and Windus  |c 1944 
600 0 |a Darwin Charles  |9 398 
650 0 |a Evolución social  |9 260808 
650 0 |a Evolución humana   |9 266935 
650 0 |a Problemas sociales  |9 258537 
650 0 |a Crítica e interpretación   |9 255042 
583 |a last modification  |c 19931210 00:00:00  |k Rodrigo Vera 
999 |c 227271  |d 227269 
952 |0 0  |1 0  |4 0  |6 503_400000000000000_HUX_1944  |7 0  |8 P  |9 226174  |a BIBEDU  |b BIBEDU  |c BIBEDU_PB  |d 2019-11-15  |i 2948753  |o 503.4 HUX 1944  |p 2948753  |r 2024-01-25  |w 2019-11-15  |y BK  |k FIL